Statistics for Jurassic Park III - Character Professions

Click here to take the quiz!

General Stats

  • This quiz has been taken 31 times
  • The average score is 7 of 13

Answer Stats

CharacterAnswer% Correct
HannahPersonal assistant
100%
Alan GrantPalaeontologist
90%
CherylPalaeontology student
90%
Billy BrennanPalaeontology student/Associate professor
90%
NashPilot/Mercenary
81%
CooperMercenary
76%
UdeskyMercenary/Booking agent
76%
Ellie Sattler (Degler)Palaeobotanist
52%
Mark DeglerUS State Department Official
19%
Enrique CardosoBoat captain
14%
TomEditor
14%
Paul KirbyHardware store owner
10%
CatWaitress
5%

Score Distribution

Percentile by Number Answered

Percent of People with Each Score

Your Score History

You have not taken this quiz